00341nam a2200109Ia 4500008004100000082001500041100002200056245003400078260003300112630002800145650005800173211122s9999||||xx |||||||||||||| ||und|| a612bTOR-A aTortora, Gerard J 0aAnatomy & Physiology:Woekbook bWiley IndiaaNew Delhic2014 xPost Graduate Reference aTechnologyvMedicine & health Human physiologyZoology